000 00428nam a2200181Ia 4500
001 10344
005 20260306161825.0
008 260306t2021||||xx |||||||||||||| ||spa||
041 _aESP
082 _a920.085
_bC36
100 _aCateriano Bellido, Pedro
_eAUT
245 0 _a25 peruanos del siglo XX
260 _c2021
300 _a393 páginas :
_c24 cm.
650 _aGEN
654 _aCHU
942 _cLIB
_dJUS
_fJUS
_2ddc
_n
999 _c10344
_d10344